BASIC ELECTRONICS &LINEAR CIRCUIET (Record no. 790566)

MARC details
000 -LEADER
fixed length control field 00404pam a2200157a 44500
008 - FIXED-LENGTH DATA ELEMENTS--GENERAL INFORMATION
fixed length control field 230405s2010 xxu||||| |||| 00| 0 eng d
041 ## - LANGUAGE CODE
Language code of text/sound track or separate title ENG
100 ## - MAIN ENTRY--PERSONAL NAME
Personal name BHARGARA N N
245 ## - TITLE STATEMENT
Title BASIC ELECTRONICS &LINEAR CIRCUIET
260 ## - PUBLICATION, DISTRIBUTION, ETC.
Place of publication, distribution, etc. NEWDELHI
Name of publisher, distributor, etc. MCGRAW HILL
Date of publication, distribution, etc. 2010
300 ## - PHYSICAL DESCRIPTION
Extent 490p.
440 ## - SERIES STATEMENT/ADDED ENTRY--TITLE
Title SOURCE=SANKAPAL BOOK SELLERS SANGLI
650 ## - SUBJECT ADDED ENTRY--TOPICAL TERM
Topical term or geographic name entry element VOCATIONAL
690 ## - LOCAL SUBJECT ADDED ENTRY--TOPICAL TERM (OCLC, RLIN)
Topical term or geographic name as entry element VOCATIONAL
906 ## - LOCAL DATA ELEMENT F, LDF (RLIN)
a 10350
Holdings
Withdrawn status Lost status Damaged status Not for loan Collection Home library Current library Date acquired Total Checkouts Barcode Date last seen Price effective from Koha item type
          Dr.Patangrao Kadam Mahavidyalaya, Sangli Dr.Patangrao Kadam Mahavidyalaya, Sangli 23/06/2014   PKS-V-1120 26/07/2023 26/07/2023 Book